|
|
|
|
| LEADER |
00000nab a2200000 a 4500 |
| 001 |
vtls000305264 |
| 003 |
SK-MaSNL |
| 005 |
20260304210622.0 |
| 008 |
111202c1987 xo 0 slo |
| 015 |
|
|
|a SNBRA19rr/mm-uuuuu
|
| 035 |
|
|
|a CL0315383
|
| 040 |
|
|
|a SNKBUCL
|b slo
|c SNKBUCL
|e AACR2
|
| 041 |
0 |
|
|a slo
|
| 044 |
|
|
|a xo
|c SK
|
| 080 |
|
|
|a 069.6.02:82
|2 1981
|
| 080 |
|
|
|a 82
|2 1981
|
| 080 |
|
|
|a 069.6.02
|2 1981
|
| 080 |
|
|
|a 929
|2 1981
|
| 080 |
|
|
|a 885.4
|2 1981
|
| 080 |
|
|
|a 929 Bel, Matej
|2 1981
|
| 100 |
1 |
|
|a Valková, Jana
|4 aut
|9 357981
|
| 245 |
1 |
0 |
|a Literárnomúzejná expozícia Mateja Bela v Očovej
|c Jana Valková ; Matej Bel
|
| 500 |
|
|
|a V časti Kronika. Fot. 1. Res. v ruš., nem.na str. 224-229.
|
| 600 |
1 |
7 |
|a Bel, Matej,
|d 1684-1749
|2 snkbucl
|9 55205
|
| 655 |
|
7 |
|a články zo zborníkov
|2 snkbucl
|9 166140
|
| 655 |
|
7 |
|a články z odboru literárna veda a krásna literatúra
|2 snkbucl
|9 770045
|
| 773 |
0 |
|
|t Literárnomúzejný letopis 21
|d Martin : Matica slovenská, 1987
|
| 850 |
|
|
|a Slovenská národná knižnica v Martine
|a MTA001
|
| 852 |
|
|
|a SNK
|b KIS3GCP
|
| 958 |
|
|
|a RK
|
| 958 |
|
|
|a LX
|
| 992 |
|
|
|a RZB
|
| 999 |
|
|
|c 3126852
|d 3128782
|